000 02277cam a22004694i 4500
003 PE-LiUPU
005 20250731184520.0
008 150616s1966 mx a r 000 0 spa d
035 _a(Sirsi) a1870
040 _aPE-LiUPU
_bspa
_cPE-LiUPU
_dPE-LiUPU
_erda
049 _aPRUA
082 0 4 _a938
_bD54
_221
100 1 _aDekonki, A.,
_eautor.
245 1 0 _aHistoria de la antigüedad :
_bGrecia /
_cA.Dekonki.
264 1 _aMéxico :
_bEditorial Grijalbo,
_c1966.
300 _a272 páginas :
_bilustraciones ;
_c21 centímetros
336 _atext
_2rdacontent
337 _aunmediated
_2rdamedia
338 _avolume
_2rdacarrier
505 0 _aCondiciones naturales -- La civilización Egea -- Las costumbres y el régimen social en la Grecia Arcaica -- Aparición de las clases sociales y del estado en Grecia -- La colonización Griega de los siglos VIII al VI antes de nuestra era -- Esparta -- El ática en los siglos VII y VI antes de nuestra era -- Las guerras médicas -- El apogeo de la economía esclavista -- El apogeo del movimiento democrático en Grecia después de la Victoria sobre los Persas -- El gobierno de Pericles -- La Guerra del Peloponeso -- La civilización griega en los siglos V y IV antes de nuestra era -- Grecia en la primera mitad del siglo IV antes de nuestra era -- Creciente poderío de Macedonia -- Los estados helenísticos -- La Grecia Helenística -- El litoral norte del Mar Negro.
526 _aP136
526 _aP135
526 _aP134
526 _aP133
526 _aP144
526 _aP143
526 _aP87
526 _aP35
526 _aP20
526 _aP14
526 _aP10
526 _aP06
650 0 4 _aGrecia
_xHistoria.
700 1 _aBerguer, A.,
_eautor.
910 _ajck
_bjvq
_cjck
942 _2ddc
_cBOOK
949 _a938 D54
_wDEWEY
_c1
_i08033
_lCCODEBUL1
_mBUL
_p16.00
_r0
_sY
_tBOOK
_u2015-04-23
_xEDUCACION
_PP20
_0COMPRA
_o.STAFF. Colección Ciencias Humanas y Educación
994 _aC0
_bPEPRU
596 _a1
999 _a938 D54
_wDEWEY
_c18420
_i08033
_d18420
_e2018-8-28
_f2021-11-8
_g5
_lCCODEBUL1
_mBUL
_n3
_p16.00
_q3
_r0
_sY
_tBOOK
_u2015-4-23
_xBIBLIOTECA
_PP20
_0COMPRA
_o.STAFF. Colección Ciencias Humanas y Educación
980 _81
_gALBERTO SANCHEZ Responsable de Automatización